01239nam a22002177a 4500003000400000005001700004008004100021020001500062037002800077040004000105041000800145082001300153100002600166130003100192245004000223260003500263300002700298520064500325650002200970650002900992OSt20231214154649.0230518s2001 |||||||| |||| 00| f eng d a0440242576 aDonación b01/02/2022 aCO-JCMRbspacCO-JMCRdCO-JCMRerda0 aeng aN bGRIs aGrisham, John eautor aUna navidad diferentelSpa10aSkipping Christmas / cJohn Grisham aNew York bRandom House c2001 a227 páginas c20 cm  aImagine a year without Christmas. No crowded malls, no corny office parties, no fruitcakes, no unwanted presents. That's just what Luther and Nora Krank have in mind when they decided that, just this once, they'll skip the holiday altogether. Theirs will be the only house on Hemlock Street without a rooftop Frosty: they won't be hosting their annual Christmas Eve bash; they aren't even going to have a tree. They won't need one, because come December 25 they're setting sail on a Caribbean cruise. But as this weary couple is about to discover, skipping Christmas brings enormous consequences - and isn't half as easy as they'd imagined. aNavidad vNovela  aNovela zEstadounidense